LEADER 01863oam 2200505 450 001 9910713470003321 005 20200422104026.0 035 $a(CKB)5470000002500952 035 $a(OCoLC)971499192 035 $a(OCoLC)995470000002500952 035 $a(EXLCZ)995470000002500952 100 $a20170206d1978 ua 0 101 0 $aeng 135 $aurbn||||||||| 181 $ctxt$2rdacontent 182 $cc$2rdamedia 183 $acr$2rdacarrier 200 10$aLimnology of Taylor Creek impoundment with reference to other bodies in Upper St. Johns River Basin, Florida /$fby Donald A. Goolsby and Benjamin F. McPherson 210 1$aTallahassee, Florida :$cU.S. Geological Survey,$d1978. 215 $a1 online resource (vii, 95 pages) $cillustrations, maps 225 1 $aWater-resources investigations ;$v78-91 300 $a"Prepared in cooperation with the South Florida Water Management District and U.S. Army, Corps of Engineers." 320 $aIncludes bibliographical references (pages 94-95). 606 $aLimnology$zFlorida$zTaylor Creek 606 $aLimnology$zFlorida$zSaint Johns River Watershed 606 $aLimnology$2fast 607 $aFlorida$zSaint Johns River Watershed$2fast 615 0$aLimnology 615 0$aLimnology 615 7$aLimnology. 700 $aGoolsby$b D. A.$01384262 702 $aMcPherson$b Benjamin F. 712 02$aGeological Survey (U.S.), 712 02$aSouth Florida Water Management District (Fla.) 712 02$aUnited States.$bArmy.$bCorps of Engineers. 801 0$bCOP 801 1$bCOP 801 2$bOCLCO 801 2$bOCLCF 801 2$bOCLCA 801 2$bGPO 906 $aBOOK 912 $a9910713470003321 996 $aLimnology of Taylor Creek impoundment with reference to other bodies in Upper St. Johns River Basin, Florida$93460073 997 $aUNINA LEADER 01114nam0-2200337 --450 001 9910858800903321 005 20240610103636.0 100 $a20240610d1963----kmuy0itay5050 ba 101 0 $ager$amul 102 $aIT 105 $ay 001yy 200 1 $aDizionario di agricoltura$etedesco, inglese, francese, spagnolo, italiano, russo$esistematico e alfabetico$fdi Gunther Haensch, Gisela Haberkamp de Anton 205 $a2. ed. 210 $aBologna$cEdagricole$d1963 215 $aXXIX, 1264 p.$d23 cm. 510 1 $aWorterbuch der Landwirtschaft. 510 1 $aDictionnaire agricole. 510 1 $aDictionary of agriculture. 510 1 $aDiccionario de agricoltura. 510 1 $aSelskokhoziajstvennij slovar. 610 0 $aAgricoltura$aDizionari poliglotti 676 $a630.3$v20$zita 700 1$aHaensch,$bGünther$0375007 701 1$aHaberkamp de Antón,$bGisela$0354093 801 0$aIT$bUNINA$gREICAT$2UNIMARC 901 $aBK 912 $a9910858800903321 952 $aA MIC 1935$b7689/2024$fFAGBC 959 $aFAGBC 996 $aDizionario di agricoltura$9360316 997 $aUNINA